All Time Leader in Points in Every Season in First Round - Statistics

General Stats
  • This quiz has been taken 19 times
    7 since last reset
  • The average score is 13 of 20
Answer Stats
Season Year Points Answer % Correct
15th 2012 Western Conference First Round 204 Kobe Bryant
86%
1st 2006 Eastern Conference First Round 214 LeBron James
86%
13th 2018 Eastern Conference First Round 241 LeBron James
86%
14th 2020 Western Conference First Round 137 LeBron James
86%
17th 2024 Western Conference First Round 139 LeBron James
86%
18th 2003 Western Conference First Round 127 LeBron James
86%
4th 1988 Eastern Conference First Round 226 Michael Jordan
86%
10th 2003 Western Conference First Round 172 Shaquille O'Neal
86%
8th 2023 Western Conference First Round 236 Stephen Curry
86%
12th 2023 Western Conference First Round 142 Kevin Durant
71%
Rookie 2018 Western Conference First Round 171 Donovan Mitchell
57%
3rd 2020 Western Conference First Round 254 Donovan Mitchell
57%
7th 2024 Eastern Conference First Round 201 Donovan Mitchell
57%
11th 2020 Western Conference First Round 208 James Harden
57%
16th 2001 Western Conference First Round 138 Karl Malone
57%
19th 2004 Western Conference First Round 90 Karl Malone
57%
2nd 2021 Western Conference First Round 250 Luka Dončić
57%
9th 2021 Western Conference First Round 225 Kawhi Leonard
43%
5th 2005 Western Conference First Round 215 Tracy McGrady
29%
6th 2007 Western Conference First Round 177 Tracy McGrady
29%
No matching quizzes found
Score Distribution
Percent of People with Each Score
Percentile by Number Answered
Your Score History
You have not taken this quiz since the last reset